|
|
|
|
| LEADER |
00606cam a2200229 7i4500 |
| 001 |
0000036720 |
| 005 |
20211124090000.0 |
| 007 |
##ta |
| 008 |
211124s2006 my e 000 1 may |
| 020 |
# |
# |
|a 9833156215
|
| 040 |
# |
# |
|a MATR
|
| 090 |
0 |
0 |
|a FM 899.2333
|b FAR
|
| 100 |
0 |
# |
|a Fara Waheeda Dahlan
|
| 245 |
1 |
0 |
|a Seikhlas Kasih
|c Fara Waheeda Dahlan.
|
| 264 |
# |
0 |
|c 201.
|
| 300 |
# |
# |
|a 337 pages;
|c 19 cm.
|
| 336 |
# |
# |
|a text
|2 rdacontent
|
| 337 |
# |
# |
|a unmediated
|2 rdamedia
|
| 338 |
# |
# |
|a volume
|2 rdacarrier
|
| 650 |
0 |
0 |
|a Malay fiction
|
| 650 |
0 |
0 |
|a Malaysian fiction (Malay)
|
| 999 |
|
|
|a F000000023
|b Book
|c Book
|e BICplus
|